| 000 | 00000nam##2200000za#4500 |
| 001 | 9.624682 |
| 003 | CaOODSP |
| 005 | 20200327181229 |
| 007 | ta |
| 008 | 150406|1996||||xxc||||| f|0| 0 fre|d |
| 020 | |a0-662-82727-9 |
| 040 | |aCaOODSP|bfre |
| 043 | |an-cn--- |
| 086 | 1 |aSC94-57/10-1996F |
| 110 | 1 |aCanada.|bCentre canadien de gestion. |
| 245 | 13|aLa série Dewar, perspectives sur la gestion publique : |bun leadership stratégique en vue du renouvellement de la fonction publique |
| 260 | |aOttawa - Ontario : |bCentre canadien de gestion |c1996. |
| 300 | |aiv, 89p. : |bréférences ; |c28 cm. |
| 490 | 1 |aExplorations|vN° 10 |
| 500 | |a«Cet ensemble de communications traite, sous des angles multiples, des pressions et des contraintes qui influencent les gestionnaires publics; il traite aussi des aptitudes et des outils dont ils ont besoin pour parvenir à un leadership et à une réforme efficaces dans le secteur public.»--Page i. N.B.: Le numéro de catalogue (SC94-57/10-1996) et le numéro ISBN (0-662-62529-3) imprimés dans cette publication sont incorrects. |
| 520 | 3 |aCet ensemble de communications traite, sous des angles multiples, des pressions et des contraintes qui influencent les gestionnaires publics; il traite aussi des aptitudes et des outils dont ils ont besoin pour parvenir à un leadership et à une réforme efficaces dans le secteur public.--Page i |
| 563 | |aReliure à spirale |
| 590 | |a98-09|b1998-02-27 |
| 691 | 07|aGestion|2gcpds |
| 776 | 0#|tLa série Dewar - perspectives sur la gestion publique : |w(CaOODSP)9.603526 |
| 830 | #0|aExplorations ;|vN° 10|w(CaOODSP)9.513230 |
| 986 | |aP67F |